00834 2200289 4500001002100000005001500021035002000036007000300056008004100059020002200100040002200122082001400144084001600158090002200174100003000196245005800226250001500284300004500299650003500344850001200379264003500391336002100426337003000447338002300477999002200500990002200522INLIS00000000089545420250424031737 a0010-0425000703ta250424s2024 yoia b ind d a978-602-51282-0-2 aYOPDYOGbinderda04223a372.7 a372.7 UTA b aCB-D.11 2024-62440 aUtami WidijatiePengarang10aBuku pintar matematika untuk anak 2 /cUtami Widijati aEdisi 2024 avi, 96 halaman :bgambar, tabel ;c23 cm 4aMatematika--xPendidikan dasar aYOPDYOG31aYogyakarta :bUNY Press,c2024 2rdacontentateks 2rdamediaatanpa perantara 2rdacarrieravolume aCB-D.11/2024-6244 aCB-D.11/2024-6244